[Event "FRA-ch op-B"]
[Site "Chartres"]
[Date "2019.??.??"]
[Round "8"]
[White "Antoine, Jean Luc1111"]
[Black "Lucbernet, Thomas"]
[Result "1/2-1/2"]
[WhiteElo "1518"]
[BlackElo "1923"]
[PlyCount "114"]
[EventDate "2019.08.17"]
[EventType "swiss"]
[EventRounds "9"]
[EventCountry "FRA"]
[SourceTitle "EXT 2020"]
[Source "ChessBase"]
[SourceDate "2019.10.17"]
[SourceVersion "1"]
[SourceVersionDate "2019.10.17"]
[SourceQuality "1"]

1. c4 e6 2. d4 d5 3. e3 Nf6 4. Nf3 Be7 5. Nbd2 0-0 6. Qc2 Nbd7 7. b3 c5 8. Bb2 b6 9. Bd3 Bb7 10. cxd5 exd5 11. Rc1 Rc8 12. Qb1 cxd4 13. Bxd4 Rxc1+ 14. Qxc1 Nc5 15. Be2 Qd7 16. 0-0 Qf5 17. Qb1 Nce4 18. Qb2 Bd6 19. Bd3 Qh5 20. h3 Re8 21. Bxf6 Nxf6 22. Nd4 Ne4 23. Be2 Qg6 24. N2f3 Qf6 25. Rc1 h6 26. Bb5 Rc8 27. Rxc8+ Bxc8 28. Qc2 Be6 29. Qc6 Bf8 30. Bd3 Nd6 31. Qc2 g6 32. Nxe6 Qxe6 33. Nd4 Qf6 34. Qc7 Qe7 35. Qxe7 Bxe7 36. Nc6 Bf6 37. Nxa7 Kf8 38. Nc6 Bc3 39. f3 Ke8 40. Kf2 Kd7 41. Nd4 Bb2 42. a4 Kc7 43. Ke2 Nb7 44. b4 Kd7 45. Bb5+ Kd6 46. Kd3 Nd8 47. h4 Ne6 48. g3 Bxd4 49. exd4 Nc7 50. Ke3 Nxb5 51. axb5 Ke6 52. Kf4 Kf6 53. Kg4 Ke6 54. Kf4 Kf6 55. g4 g5+ 56. hxg5+ hxg5+ 57. Ke3 Ke6 1/2-1/2

[Event "FRA-ch op-B"]
[Site "Chartres"]
[Date "2019.??.??"]
[Round "7"]
[White "Lucbernet, Thomas"]
[Black "Le Menelec, Erwan Son"]
[Result "1-0"]
[WhiteElo "1923"]
[BlackElo "1994"]
[PlyCount "97"]
[EventDate "2019.08.17"]
[EventType "swiss"]
[EventRounds "9"]
[EventCountry "FRA"]
[SourceTitle "EXT 2020"]
[Source "ChessBase"]
[SourceDate "2019.10.17"]
[SourceVersion "1"]
[SourceVersionDate "2019.10.17"]
[SourceQuality "1"]

1. d4 Nf6 2. c4 c5 3. d5 e6 4. Nc3 exd5 5. cxd5 d6 6. Nf3 g6 7. g3 Bg7 8. Bg2 0-0 9. 0-0 Re8 10. Bf4 a6 11. a4 Nh5 12. Be3 f5 13. Qc1 Bf6 14. Bg5 Nd7 15. Bxf6 Ndxf6 16. Ng5 Ng7 17. e4 fxe4 18. Ngxe4 Bf5 19. Ng5 Qd7 20. a5 h6 21. Nf3 Kh7 22. Qd1 Bh3 23. Qd3 Ngh5 24. Nh4 Rg8 25. Rfe1 Bxg2 26. Kxg2 Ng4 27. Re6 Ne5 28. Qe4 Qf7 29. f4 Nf6 30. Rxf6 Qxf6 31. fxe5 Qxe5 32. Qxe5 dxe5 33. Re1 Rge8 34. Nf3 Kg7 35. Rxe5 Rxe5 36. Nxe5 Re8 37. Nc4 Kf6 38. Kf2 Rc8 39. Nd6 Rd8 40. Nde4+ Ke5 41. Nxc5 Rf8+ 42. Ke2 Rf7 43. Ke3 g5 44. Nd3+ Kd6 45. Kd4 Rf1 46. Ne4+ Kc7 47. Ke5 Rh1 48. d6+ Kd8 49. Ndc5 1-0

[Event "Rochefort op-B 16th"]
[Site "Rochefort"]
[Date "2017.02.18"]
[Round "7"]
[White "Daignieres, Pierre"]
[Black "Lucbernet, Thomas"]
[Result "1-0"]
[WhiteElo "1775"]
[BlackElo "1916"]
[PlyCount "109"]
[EventDate "2017.02.18"]
[EventType "swiss"]
[EventRounds "9"]
[EventCountry "FRA"]
[SourceTitle "CBM 177 Extra"]
[Source "ChessBase"]
[SourceDate "2017.04.27"]
[SourceVersion "1"]
[SourceVersionDate "2017.04.27"]
[SourceQuality "1"]

1. d4 Nf6 2. c4 e6 3. g3 c5 4. d5 exd5 5. cxd5 d6 6. Nc3 g6 7. Bg2 Bg7 8. Nf3 0-0 9. 0-0 Re8 10. Nd2 Na6 11. Nc4 Nc7 12. a4 b6 13. Nxd6 Qxd6 14. Bf4 Qd7 15. d6 Ne6 16. Bxa8 Nxf4 17. gxf4 Qg4+ 18. Kh1 Qxf4 19. e3 Qh4 20. Bf3 Ng4 21. Bxg4 Bxg4 22. f3 Bd7 23. Qe1 Qg5 24. e4 Be5 25. Rd1 Re6 26. Rd5 Qf4 27. Qd2 Qh4 28. Qf2 Qxf2 29. Rxf2 Kf8 30. Nb5 Bxb5 31. axb5 Bxd6 32. Rfd2 Ke7 33. Kg2 h6 34. h3 Bf4 35. Rd7+ Kf6 36. R2d3 Re7 37. Kf2 Ke6 38. Rxe7+ Kxe7 39. b3 g5 40. Rd5 f6 41. Ke2 Be5 42. Kd3 Bd6 43. h4 Ke6 44. hxg5 fxg5 45. Ke3 Bf4+ 46. Kf2 Bd6 47. Kg2 Be7 48. Rf5 h5 49. f4 gxf4 50. Rxh5 Bf6 51. Kf3 Be5 52. Rh7 Bd6 53. Rxa7 Ke5 54. Rb7 Kd4 55. Rxb6 1-0

[Event "Rochefort op-B 16th"]
[Site "Rochefort"]
[Date "2017.02.18"]
[Round "5"]
[White "Lucbernet, Thomas"]
[Black "Mallet, Gregoire"]
[Result "1-0"]
[WhiteElo "1916"]
[BlackElo "1715"]
[PlyCount "53"]
[EventDate "2017.02.18"]
[EventType "swiss"]
[EventRounds "9"]
[EventCountry "FRA"]
[SourceTitle "CBM 177 Extra"]
[Source "ChessBase"]
[SourceDate "2017.04.27"]
[SourceVersion "1"]
[SourceVersionDate "2017.04.27"]
[SourceQuality "1"]

1. e4 c6 2. d4 d5 3. e5 Bf5 4. Be3 e6 5. Nf3 Nd7 6. Be2 Rc8 7. 0-0 Ne7 8. Nbd2 Qc7 9. Rc1 b5 10. b3 b4 11. c4 bxc3 12. Rxc3 Qa5 13. b4 Qxb4 14. Rb3 Qa5 15. Rb7 Qxa2 16. Qa1 Qxa1 17. Rxa1 Ra8 18. Raxa7 Rxa7 19. Rxa7 Nb6 20. Ba6 f6 21. Nb3 Bc2 22. Nc5 Kf7 23. h4 Bd1 24. Bf4 Bxf3 25. gxf3 g5 26. exf6 Kxf6 27. Be5+ 1-0

[Event "Rochefort op-B 16th"]
[Site "Rochefort"]
[Date "2017.02.18"]
[Round "4"]
[White "Pascal, Jonathan"]
[Black "Lucbernet, Thomas"]
[Result "1-0"]
[WhiteElo "1783"]
[BlackElo "1916"]
[PlyCount "93"]
[EventDate "2017.02.18"]
[EventType "swiss"]
[EventRounds "9"]
[EventCountry "FRA"]
[SourceTitle "CBM 177 Extra"]
[Source "ChessBase"]
[SourceDate "2017.04.27"]
[SourceVersion "1"]
[SourceVersionDate "2017.04.27"]
[SourceQuality "1"]

1. d4 Nf6 2. c4 e6 3. g3 d5 4. Bg2 Be7 5. Nf3 0-0 6. 0-0 dxc4 7. Ne5 c5 8. dxc5 Qc7 9. Nxc4 Qxc5 10. b3 Rd8 11. Qc2 Qc7 12. Nc3 Nd5 13. Nxd5 exd5 14. Ne3 Qxc2 15. Nxc2 Bf6 16. Rb1 Bf5 17. e4 dxe4 18. Ne3 Bg6 19. Ba3 Nc6 20. Rbd1 Nd4 21. Kh1 Nf3 22. Nd5 Be5 23. h4 f5 24. Bxf3 exf3 25. Rfe1 Re8 26. Ne7+ Kf7 27. Rxe5 Rad8 28. Ree1 Rxd1 29. Rxd1 Rxe7 30. Bxe7 Kxe7 31. Kg1 f4 32. g4 Kf6 33. Rd4 h5 34. Rxf4+ Ke5 35. Rxf3 hxg4 36. Rf8 Be4 37. Kh2 g6 38. Kg3 Bf3 39. Rf4 Bd1 40. Rxg4 Bxg4 41. Kxg4 a6 42. b4 b6 43. a3 Ke6 44. Kg5 Kf7 45. a4 a5 46. b5 Kg7 47. f4 1-0